000 00666nam a2200193Ii 4500
003 JO-AjNU
008 230605s9999||||xx |||||||||||||| ||und||
040 _aJO-AjNU
_bara
_erda
_cJO-AjNU
041 _aara
050 1 4 _aQD453.2.B8796 1985
100 3 _aالبزرة ، يحيى وليد/م مشارك علي غوتوق,
_eauthor
_937568
245 0 0 _aالكيمياء الفيزيائية للجيولوجين
264 3 1 _aدمشق:مطبعة الجديدة ،1985
300 _a321ص
336 _atext
_btxt
_2rdacontent
337 _aunmediated
_bn
_2rdamedia
338 _avolume
_bnc
_2rdacarrier
650 4 _aالكيمياء الفيزيائية
_937569
999 _aA15708
_c19276
_d19276